000 01187pab a2200169 454500
008 180718b2011 xxu||||| |||| 00| 0 eng d
100 _aOngaro, Edoardo
245 _aThe role of politics and institutions in the Italian administrative reform trajectory
260 _c2011
300 _ap.738-755.
520 _aThis article applies broad conceptual categories of campartive politics to the explanation of administrative reform in Italy. It takes as its arguement some lines of influence on public sector reforms of the features of the party system in Italy, the executive -legislative balance, the politician -bureaucrat relationship, and the role of administrative law. In the serch for explanation for the trajectory of administrative reform, pre-existing political and institutional factors also have to be interpreted through the lens of negotiated change occuring via processes of conversion and layering involving new and old institution that has taken place in Italy since the political crisis began in 1992. - Reproduced.
650 _aAdministrative reform - Italy
650 _aAdministrative reform
773 _aPublic Administration
908 _aN
909 _a94173
999 _c94173
_d94173